000 00790nam a22002655i 4500
005 20241002162719.0
008 241002s2016 enk 000 0 eng
020 _a9780414054653
_qpaperback
038 _aUk
040 _aUk
041 _aeng
110 _aJoint Contracts Tribunal
245 0 0 _aJCT: Design and build sub-contract guide 2016
_bDBSub/G 2016
246 3 _aDBSub/G 2016
264 1 _aLondon :
_bThomson Reuters (Professional) UK Limited,
_c2016.
264 4 _c©2016
300 _aii, 29 pages ;
_c30 cm
490 _aJCT Contracts 2016
650 0 _aConstruction contracts
651 _aUnited Kingdom
690 _96230
_aConstruction management
710 2 _aJoint Contracts Tribunal,
_eauthor.
942 _n0
999 _c122025
_d122025